Ako chápať makroekonomické veličiny?
Definícia základnej makroekonomickej veličiny - hrubého národného produktu (HNP). Vecný obsah pojmu. Spôsoby vyčíslenia HNP. Grafický model tokov týkajúcich sa výroby, spotreby, akumulácie a styku so zahraničím daného ekonomického systému. Kvantifikácia makroekonomických veličín na báze systému náro...
Salvato in:
| Autore principale: | |
|---|---|
| Natura: | Capitolo di libro |
| Lingua: | slovacco |
| Soggetti: | |
| Tags: |
Nessun Tag, puoi essere il primo ad aggiungerne!!
|
MARC
| LEADER | 00000naa a2200000 4500 | ||
|---|---|---|---|
| 001 | r011339 | ||
| 005 | 20220831080246.1 | ||
| 041 | 0 | |a slo | |
| 044 | |a [CS] | ||
| 245 | 1 | 0 | |a Ako chápať makroekonomické veličiny? |c Jaroslav Husár |
| 520 | |a Definícia základnej makroekonomickej veličiny - hrubého národného produktu (HNP). Vecný obsah pojmu. Spôsoby vyčíslenia HNP. Grafický model tokov týkajúcich sa výroby, spotreby, akumulácie a styku so zahraničím daného ekonomického systému. Kvantifikácia makroekonomických veličín na báze systému národných účtov. | ||
| 610 | 2 | 0 | |a produkt národný |
| 610 | 2 | 0 | |a produkt hrubý |
| 610 | 2 | 0 | |a pojmy |
| 610 | 2 | 0 | |a makroekonomika |
| 610 | 2 | 0 | |a účty národné |
| 610 | 2 | 0 | |a bilancie |
| 610 | 2 | 0 | |a matice |
| 610 | 2 | 0 | |a kvantifikácia |
| 610 | 2 | 0 | |a algoritmy |
| 100 | 1 | |a Husár, Jaroslav | |